000 00480cas a2200145 4500
008 140612n eng u
022 _a1405-2059
035 _a(Sirsi) a184205
245 _aRevista Mexicana de astronomia y astrofisica
260 _aMexico
_b Instituto de astronomia
_c 2016
310 _aIrregular
362 _aVol. 47, 2016 - Vol. 48, 2016
520 _aThe journal Comprises of astronomy and astrophysical related fields.
650 _aAstronomy. Astrophysics.
999 _c9605
_d9605